Rayuela /
Furkejuvvon:
| Váldodahkki: | |
|---|---|
| Materiálatiipa: | Dovdameahttun |
| Giella: | Spanish |
| Almmustuhtton: |
Buenos Aires, Argentina :
Editorial Sudamericana,
1969.
|
| Preanttus: | 10. edición |
| Fáttát: | |
| Fáddágilkorat: |
Lasit fáddágilkoriid
Eai fáddágilkorat, Lasit vuosttaš fáddágilkora!
|
MARC
| LEADER | 000000000a22000000004500 | ||
|---|---|---|---|
| 001 | 011413 | ||
| 041 | 0 | |a spa | |
| 082 | 0 | 4 | |a Ar863.4 |b C827r10 |
| 100 | 1 | |a Cortazar, Julio, |d 1914-1984 | |
| 245 | 1 | 0 | |a Rayuela / |c Julio Cortázar. |
| 250 | |a 10. edición | ||
| 260 | 1 | |a Buenos Aires, Argentina : |b Editorial Sudamericana, |c 1969. | |
| 300 | |a 636 páginas | ||
| 500 | |a Número de inscricpción 11381 | ||
| 500 | |a Colección George Yúdice | ||
| 650 | 4 | |a LITERATURA ARGENTINA | |
| 650 | 4 | |a NOVELA | |
| 999 | |c 16705 |d 16705 | ||
| 942 | |c BK |h Ar863.4 C827r10 |2 z | ||
